000 00695nam a2200289Ia 4500
005 20260324120611.0
008 008 260324s9999 xx 000 0 eng d
020 _a9781315084411
037 _aEBOOK
040 _aCRL
040 _beng
040 _cCRL
041 _2eng
041 _aeng
084 _qCRL
100 _aEllen Seljan
_91159219
245 0 _aUnderstanding Political Science Statistics using Stata
245 2 _bA Manual with Exercises
260 _bTaylor and Francis
260 _c2015
365 _a
365 _b230
856 _uhttp://www.taylorfrancis.com/books/9781315084411
942 _cEBOOK
999 _c1750835
_d1750835